Naša reč pre 4. ročník osobitnej školy /

Uložené v:
Podrobná bibliografia
Hlavní autori: Lakotová, Anna (Author), Nižníková, Mária (Author), Gebauerová, Mária (Author)
Médium: Kniha
Jazyk:Slovak
Vydané: Bratislava : Slovenské pedagogické nakladateľstvo, 1986.
Vydanie:3. vyd.
ISBN: (viaz.)
Fyzický popis: 142 s.
Tagy: Pridať tag
Žiadne tagy, Buďte prvý kto otaguje tento záznam!

MARC

LEADER 00000nam a2200000 a 4500
001 000396607
005 20120819162949.0
008 060616s1986 xo e slo d
020 |a (viaz.)  |c Kčs 12,00 
040 |a SVKKK  |b slo  |c SVKKK  |e AACR2 
041 0 |a slo 
044 |a xo  |c SK 
100 1 |a Lakotová, Anna  |4 aut 
245 1 0 |a Naša reč pre 4. ročník osobitnej školy /  |c Anna Lakotová, Mária Nižníková, Mária Gebauerová. 
250 |a 3. vyd. 
260 |a Bratislava :  |b Slovenské pedagogické nakladateľstvo,  |c 1986. 
300 |a 142 s. 
700 1 |a Nižníková, Mária  |4 aut 
700 1 |a Gebauerová, Mária  |4 aut 
910 |a svkkk 
998 |a BK 
090 |g SCKHL  |k Sklad Pribinova prízemie  |a IV.129561  |j 732883  |i B255033  |s Absenčne